Cyclically adjusted fiscal balance - OECD and ESCB methods

Vplyv hospodárskeho cyklu na na českú fiškálnu bilanciu v uplynulej dekáde. Použitie dvoch rôznych kalkulačných metód: metóda OECD a metóda Európskeho systému centrálnych bánk.

Enregistré dans:
Détails bibliographiques
Auteur principal: Bezděk, Vladimír
Autres auteurs: Dybczak, Kamil, Krejdl, Aleš
Format: Chapitre de livre
Langue:anglais
Sujets:
Tags: Ajouter un tag
Pas de tags, Soyez le premier à ajouter un tag!

MARC

LEADER 00000naa$a2200000$$$4500
001 0004604
005 20231004102611.8
041 0 |a eng 
044 |a CZ 
245 1 0 |a Cyclically adjusted fiscal balance - OECD and ESCB methods  |c aut. Vladimír Bezděk, Kamil Dybczak, Aleš Krejdl 
520 |a Vplyv hospodárskeho cyklu na na českú fiškálnu bilanciu v uplynulej dekáde. Použitie dvoch rôznych kalkulačných metód: metóda OECD a metóda Európskeho systému centrálnych bánk. 
610 2 0 |a Česko 
610 2 0 |a financie verejné 
610 2 0 |a politika fiškálna 
610 2 0 |a cykly hospodárske 
610 2 0 |a príjmy rozpočtu štátneho 
610 2 0 |a výdavky rozpočtu štátneho 
610 2 0 |a dane 
610 2 0 |a deficit rozpočtový 
610 2 0 |a metódy kalkulačné 
610 2 0 |a OECD 
610 2 0 |a Európsky systém centrálnych bánk 
100 1 |a Bezděk, Vladimír 
700 1 |a Dybczak, Kamil 
700 1 |a Krejdl, Aleš